Normal view
MARC view
Entry Personal Name
001 - CONTROL NUMBER
- control field: 40978
003 - CONTROL NUMBER IDENTIFIER
- control field: ARRUPE
005 - DATE AND TIME OF LATEST TRANSACTION
- control field: 20180326094600.0
008 - FIXED-LENGTH DATA ELEMENTS
- fixed length control field: 180326|| aca||aabn | a|a d
040 ## - CATALOGING SOURCE
- Original cataloging agency: ARRUPE
- Transcribing agency: ARRUPE
100 ## - HEADING--PERSONAL NAME
- Personal name: Lions Club DA Beira
670 ## - SOURCE DATA FOUND
- Source citation: Work cat.: (ARRUPE)127718: Lions Club DA Beira, Lendas e proverbios dos asenas, 1972